European Darts Tour Turniere - Statistiken

Allgemein
  • Dieses Quiz wurde 87 mal gespielt
    41 seit der letzten Aktualisierung
  • Das Durchschnittsergebnis liegt bei 9 aus 23
Antwortstatistiken
Austragungsort Zeitraum Turnier % Korrekt
Österreich 2012–2014, 2016–2019, seit 2022 Austrian Darts Open
69%
Deutschland 2012–2020, seit 2022 German Darts Championship
66%
Deutschland 2017–2019, seit 2022 German Darts Grand Prix
63%
Deutschland 2017–2019, 2022-2023 German Darts Open
59%
Ungarn seit 2021 Hungarian Darts Trophy
59%
Belgien seit 2022 Belgian Darts Open
50%
Schweiz seit 2024 Swiss Darts Trophy
50%
Tschechien 2019, seit 2022 Czech Darts Open
47%
Deutschland 2014–2020, seit 2022 European Darts Grand Prix
47%
Deutschland seit 2023 Baltic Sea Darts Open
44%
Niederlande 2018, seit 2022 Dutch Darts Championship
44%
Deutschland 2012–2019, seit 2022 European Darts Open
41%
Belgien seit 2024 Flanders Darts Trophy
41%
Österreich / Deutschland 2015–2019, 2022-2023 European Darts Matchplay
38%
Gibraltar 2013–2019, 2021-2022 Gibraltar Darts Trophy
38%
Deutschland 2015–2020, seit 2022 International Darts Open
34%
Deutschland 2012–2017 German Darts Masters
28%
Österreich 2019 Austrian Darts Championship
25%
Belgien 2020 Belgian Darts Championship
25%
Deutschland 2013–2018 European Darts Trophy
25%
Dänemark 2018–2019 Danish Darts Open
19%
Niederlande 2012–2019 Dutch Darts Masters
19%
England 2013 UK Masters
9%
Keine übereinstimmenden Quizze gefunden
Verteilung der Resultate
Anzahl Personen mit jedem Resultat
Perzentil nach korrekt beantworteten Fragen
Ihre Resultats-Entwicklung
Sie haben dieses Quiz seit der letzten Aktualisierung nicht gespielt